BIBLIOTHÈQUE DE LA MAISON DU MEXIQUE

Logo 1 Logo 2

Cedulario de tierras (notice nᵒ 10508)

détails MARC
000 -Sello discográfico
campo de control de longitud fija 01295nam a2200325 4500
005 - Identificación de versión
campo de control 20251104194528.0
010 ## - Número Estándar Internacional de Libros (ISBN)
Número (ISBN) 968-837-322-2
035 ## - Otros números de control del sistema
Número de control del sistema 16166
099 ## - fechas locales
Tipo de ítem Koha LIBRO
100 ## - Datos de procesamiento general
Datos de procesamiento general 20040112d1984 m y1spay5003 ba
101 ## - Idioma del recurso
Idioma del texto, banda sonora, etc. Español; Castellano
105 ## - Campo de datos codificados: Material textual, monográfico
Datos codificados de monografía a 001zy
200 1# - Título y mención de responsabilidad
Título propio Cedulario de tierras
Designación general del material texto impreso
Otra información del título compilación de legislación agraria colonial : 1497-1820
Primer mención de responsabilidad Francisco de Solano
205 ## - Declaración de edición
Declaración de edición 1a ed
210 ## - Publicación, distribución, etc.
Lugar de publicación, distribución, etc. México
Nombre del editor, distribuidor, etc. Universidad Nacional Autónoma de México, Instituto de Investigaciones Jurídicas
Fecha de publicación, distribución, etc. 1984
215 ## - Descripción física
Designación de material específico y extensión del ítem 587 p
Otras características físicas il.
Dimensiones 23 cm
320 ## - Nota de índices/bibliografías internas
Texto de la nota Incluye índice analítico
345 ## - Nota de información de adquisición
Fuente de adquisición/dirección de la suscripción [OBSOLETO] Donación
410 #1 - Series
Título Serie A : Fuentes
Nombre de parte o sección b) Textos y Estudios Legislativos
Número de volumen 52
606 ## - Término temático usado como materia
Elemento de entrada Agricultura
Subdivisión temática Leyes y legislación
Subdivisión geográfica México
Subdivisión temática Historia
-- Fuentes
Número Koha 17012
606 ## - Término temático usado como materia
Elemento de entrada Tierra
Subdivisión temática Tenencia, Derecho de
Subdivisión geográfica México
Subdivisión temática Historia
-- Fuentes
Número Koha 201
607 ## - Nombre geográfico utilizado como tema
Elemento de entrada México
Subdivisión temática Condiciones rurales
-- Fuentes
Número Koha 17013
660 ## - Código de área geográfica
Código MX
700 ## - Nombre personal - Responsabilidad primaria
Elemento de entrada Solano
Parte del nombre distinta del elemento de entrada Francisco de
Número Koha 17014
801 #0 - Fuente de origen
País FR
Agencia cm
Reglas de catalogación (convenciones descriptivas) AFNOR
856 ## - Localización electrónica y acceso
Identificador Uniforme de Recurso https://biblio.juridicas.unam.mx/bjv/detalle-libro/387-cedulario-de-tierras-compilacion-legislacion-agraria-colonial-1497-1820-2a-ed
942 ## - ELEMENTOS DE ENTRADA SECUNDARIOS (KOHA)
Tipo de ítem Koha Livre
Exemplaires
Estatus retirado Estado de daño Estado de pérdida Fecha de adquisición Biblioteca de origen Biblioteca actual Ubicación en estantería Código de barras Precio de reemplazo Signatura topográfica completa No para préstamo Tipo de ítem Koha Nota pública Nota no pública
      05/08/2025 Casa México Paris Casa México Paris   001274 05/08/2025 972.022 S68C   Livre 20120111LIV 751145101